• 首页
  • 本馆介绍
  • 公告通知
  • 最新文献
  • 馆藏检索
  • 电子资源
  • 读者导购
  • 参考咨询
  • 我的图书馆
  • 登录
  • 详细信息显示
  • 放入我的书架
  • 预约/预借图书
  • 作者相关作品
  • 分类相关作品
  • 丛书相关作品
  • 出版社相关作品

书目信息

  • 表格格式
  • 工作单格式
  • 卡片格式
题名:
录音机的选择使用与维修
    
 
作者: 陈维伦 编著
分册:  
出版信息: 香港   万里书店  1976
页数: 167页
开本: 19cm
丛书名:
单 册:
中图分类: TN646
科图分类:
主题词: 电声器件
电子资源:
ISBN:
000 00504nam0 2200181 45
001 0405180984
005 20060510084235.04
010    @dCNY0.50
100    @a20040518d1976 km y0chiy0120 ea
101 0  @achi
200 1  @a录音机的选择使用与维修@ALu Yin Ji De Xuan Ze Shi Yong Yu Wei Xiu@f陈维伦编著@FChen Wei Lun Bian Zhu
210    @a香港@c万里书店@d1976
215    @a167页@c插图@d19cm
606 0  @a电声器件
690    @aTN646@v3
701  0 @a陈维伦@4编著
801    @aCN@bTSTCL@c20060510
905    @dTN646@e19
    
    录音机的选择使用与维修/陈维伦编著.-香港:万里书店,1976
    167页:插图;19cm
    
    
    ISBN :CNY0.50
    
●
相关链接 在E读中查询图书 在五车中查询图书 在当当中查询图书 在豆瓣中查询图书


正题名:录音机的选择使用与维修     索取号:TN646/19         预约/预借

序号 登录号 条形码 馆藏地/架位号 状态 备注
1 0099822   001354180   密集书库/ [索取号:TN646/19] 在馆    
2 0099823   202317689   密集书库/ [索取号:TN646/19] 在馆    
3 0099824   202270096   密集书库/ [索取号:TN646/19] 在馆    
4 0099825   202326759   密集书库/ [索取号:TN646/19] 在馆    
5 0158074   001354224   第三借阅区/ [索取号:TN646/19] 在馆    
6 0158075   202255264   密集书库/ [索取号:TN646/19] 在馆    
7 0158418   001354304   密集书库/ [索取号:TN646/19] 在馆    
8 0158419   001354260   第二样本阅览室/ [索取号:TN646/19] 在馆    
9 0158420   001951828   密集书库/ [索取号:TN646/19] 在馆    
唐山师范学院图书馆 欢迎您!
大连网信软件有限公司© 版权所有